000 00176nam a2200097Ia 4500
100 _a#N/A
942 _cBK
245 _aPIC Microcontrollers
260 _b#N/A
082 _b20269
999 _c33355
_d33355